Music Quiz

Random Music Quiz
Score 0/239 Timer 10:00
0 Plays Today
% Correct
a
99.1%
the
99.1%
the
99.1%
the
99.1%
a
99.1%
and
99.1%
the
99.1%
and
99.1%
the
99.1%
the
99.1%
the
99.1%
and
99.1%
the
99.1%
the
99.1%
a
99.1%
the
99.1%
and
99.1%
the
99.1%
the
99.1%
and
99.1%
the
99.1%
the
99.1%
and
99.1%
to
98.2%
are
98.2%
to
98.2%
to
98.2%
to
98.2%
we
98.2%
are
98.2%
we
98.2%
we
98.2%
to
98.2%
are
98.2%
to
98.2%
to
98.2%
I
97.9%
I
97.9%
i
97.9%
I
97.9%
I
97.9%
I
97.9%
I
97.9%
I
97.9%
I
97.9%
I
97.9%
i
97.9%
I
97.9%
you
97.6%
you
97.6%
you
97.6%
you
97.6%
you
97.6%
you
97.6%
you
97.6%
young
96.7%
so
95.5%
so
95.5%
so
95.5%
so
95.5%
so
95.5%
so
95.5%
me
94.9%
than
94.9%
me
94.9%
Tonight
94.9%
than
94.9%
me
94.9%
me
94.9%
tonight
94.9%
me
94.9%
tonight
94.9%
me
94.9%
tonight
94.9%
me
94.9%
tonight
94.9%
me
94.9%
tonight
94.9%
me
94.9%
tonight
94.9%
% Correct
on
94.6%
on
94.6%
my
94.3%
my
94.3%
in
94.3%
my
94.3%
my
94.3%
in
94.3%
my
94.3%
my
94.3%
fire
93.7%
sun
93.7%
get
93.1%
higher
91.9%
set
91.9%
friends
91.6%
world
91.6%
friends
91.6%
world
91.6%
can
91.3%
can
91.3%
for
90.7%
bar
90.4%
by
90.4%
by
90.4%
bar
90.4%
I'll
90.4%
by
90.4%
bar
90.4%
I'll
90.4%
getting
90.1%
Empire
90.1%
State
89.8%
know
89.8%
know
89.8%
know
89.8%
home
89.8%
know
89.8%
home
89.8%
home
89.8%
home
89.8%
home
89.8%
home
89.8%
home
89.8%
home
89.8%
home
89.8%
carry
89.5%
carry
89.5%
carry
89.5%
carry
89.5%
carry
89.5%
carry
89.5%
carry
89.5%
carry
89.5%
carry
89.5%
bathroom
88.9%
just
88.9%
just
88.9%
just
88.9%
just
88.9%
like
88.6%
brighter
88.6%
like
88.6%
need
87.4%
story
87.4%
waiting
87.1%
it
87.1%
it
87.1%
Give
86.8%
feel
86.2%
feel
86.2%
second
85.6%
some
85.6%
let's
85.6%
let's
85.6%
take
85.3%
time
85.3%
down
85.3%
time
85.3%
down
85.3%
% Correct
straight
85%
but
85%
but
85%
but
85%
lover
84.1%
closes
84.1%
closes
84.1%
months
83.5%
ago
83.5%
been
83.2%
sunglasses
83.2%
trying
83.2%
been
83.2%
trying
83.2%
falling
83.2%
I'm
83.2%
falling
83.2%
across
82.9%
fall
82.6%
gave
82%
forget
82%
asking
81.7%
burn
81.1%
taken
80.8%
scar
80.8%
you're
80.8%
seats
80.2%
back
80.2%
back
80.2%
no
80.2%
between
79.3%
that
79%
that
79%
that
79%
if
78.4%
if
78.4%
things
77.5%
she's
76.9%
holes
76.9%
apologies
76.9%
not
75.4%
got
75.4%
all
75.1%
'bout
74.9%
is
73.7%
hard
71.9%
drinks
71%
subtle
70.7%
could
69.2%
I've
68.9%
thought
67.4%
apart
65.9%
maybe
65.6%
our
65.6%
someone
65.6%
someone
65.6%
someone
65.6%
now
64.4%
find
64.1%
raise
63.5%
guess
58.1%
ways
57.8%
'cause
57.8%
found
57.5%
have
56%
come
52.7%
come
52.7%
will
51.2%
will
51.2%
side
50.3%
new
48.8%
reason
48.8%
toast
46.4%
hear
46.1%
never
41.6%
run
38.6%
angels
34.7%
choir
34.7%
arrived
27.5%
Remove Ads.
Support Sporcle.
Get the best of Sporcle when you Go Orange. This ad-free experience offers more features, more stats, and more fun while also helping to support Sporcle. Thank you for becoming a member.

You're not logged in!

Compare scores with friends on all Sporcle quizzes.
OR
Log In

Show Comments

Extras

Created Jul 3, 2012ReportNominate
Tags:Young

Top Quizzes Today


Score Distribution

Your Account Isn't Verified!

In order to create a playlist on Sporcle, you need to verify the email address you used during registration. Go to your Sporcle Settings to finish the process.

Report this User

Report this user for behavior that violates our Community Guidelines.

Details: